[Event "GBR-ch111 Over 65"]
[Site "Liverpool"]
[Date "2025.08.05"]
[Round "2.36"]
[White "Marshall, Michael O"]
[Black "O'Mahoney, Mike J"]
[Result "1-0"]
[WhiteElo "1886"]
[BlackElo "1780"]
[PlyCount "63"]
[EventDate "2025.08.04"]
[EventType "swiss"]
[EventRounds "7"]
[EventCountry "GBR"]
[SourceTitle "BritBase"]
[Source "John Saunders"]
[SourceDate "2025.08.11"]
[SourceVersion "1"]
[SourceVersionDate "2025.08.11"]
[SourceQuality "1"]

1. d4 d5 2. Bf4 Bf5 3. e3 e6 4. c4 c6 5. Qb3 Qb6 6. c5 Qxb3 7. axb3 Nf6 8. Nc3 Be7 9. h3 O-O 10. b4 Nbd7 11. b5 Nb8 12. Nf3 Nfd7 13. Be2 Bf6 14. O-O Re8 15. bxc6 bxc6 16. g4 Bg6 17. b4 e5 18. Bg3 exd4 19. exd4 Be4 20. Rfd1 h6 21. Ra3 Rc8 22. b5 cxb5 23. Nxb5 Nc6 24. Nd6 Rd8 25. Nb5 a5 26. Bd6 Rdc8 27. Ne1 Nf8 28. f3 Bg6 29. f4 Be4 30. Bf3 Ne6 31. Bxe4 dxe4 32. d5 1-0

[Event "GBR-ch111 Over 65"]
[Site "Liverpool"]
[Date "2025.08.05"]
[Round "2.37"]
[White "Lawrence, Roy A"]
[Black "Stephens, Ian Paul"]
[Result "0-1"]
[WhiteElo "1693"]
[BlackElo "1877"]
[PlyCount "62"]
[EventDate "2025.08.04"]
[EventType "swiss"]
[EventRounds "7"]
[EventCountry "GBR"]
[SourceTitle "BritBase"]
[Source "John Saunders"]
[SourceDate "2025.08.11"]
[SourceVersion "1"]
[SourceVersionDate "2025.08.11"]
[SourceQuality "1"]

1. d4 d5 2. Nf3 Nf6 3. c4 e6 4. Nc3 Be7 5. e3 O-O 6. Bd3 c5 7. O-O Nc6 8. b3 cxd4 9. exd4 Nb4 10. Bb1 a6 11. a3 Nc6 12. Re1 g6 13. Qd3 Re8 14. Bg5 Kg7 15. h4 Ng8 16. Bxe7 Ncxe7 17. h5 Nf5 18. g4 Nh4 19. Ne5 Qf6 20. Qg3 g5 21. Qd3 h6 22. Re3 Qf4 23. Qh7+ Kf8 24. Bf5 Re7 25. Ne2 Qxe3 26. fxe3 exf5 27. cxd5 fxg4 28. Rf1 Nf3+ 29. Rxf3 gxf3 30. Ng6+ fxg6 31. hxg6 Rxh7 0-1

[Event "GBR-ch111 Over 65"]
[Site "Liverpool"]
[Date "2025.08.05"]
[Round "2.38"]
[White "Costello, Colin A"]
[Black "Clancy, Martin J"]
[Result "1-0"]
[WhiteElo "1876"]
[BlackElo "1765"]
[PlyCount "53"]
[EventDate "2025.08.04"]
[EventType "swiss"]
[EventRounds "7"]
[EventCountry "GBR"]
[SourceTitle "BritBase"]
[Source "John Saunders"]
[SourceDate "2025.08.11"]
[SourceVersion "1"]
[SourceVersionDate "2025.08.11"]
[SourceQuality "1"]

1. c4 Nf6 2. Nc3 g6 3. Nf3 Bg7 4. g3 O-O 5. Bg2 d6 6. O-O e5 7. d3 Nc6 8. Rb1 a5 9. a3 h6 10. b4 axb4 11. axb4 Be6 12. b5 Ne7 13. Bb2 Qd7 14. Re1 Nf5 15. Qb3 g5 16. Nd5 Bxd5 17. cxd5 Ne7 18. Nd2 Nh5 19. Rec1 f5 20. b6 cxb6 21. Nc4 Nc8 22. Nxb6 Nxb6 23. Qxb6 Rf7 24. Ra1 Rb8 25. Rc4 Bf6 26. Rac1 Bd8 27. Qa7 1-0

[Event "GBR-ch111 Over 65"]
[Site "Liverpool"]
[Date "2025.08.05"]
[Round "2.39"]
[White "Wilson, Edgar"]
[Black "Walkowiak, Adam"]
[Result "1-0"]
[WhiteElo "1866"]
[BlackElo "1657"]
[PlyCount "81"]
[EventDate "2025.08.04"]
[EventType "swiss"]
[EventRounds "7"]
[EventCountry "GBR"]
[SourceTitle "BritBase"]
[Source "John Saunders"]
[SourceDate "2025.08.11"]
[SourceVersion "1"]
[SourceVersionDate "2025.08.11"]
[SourceQuality "1"]

1. e4 c5 2. Nf3 e6 3. d4 cxd4 4. Nxd4 a6 5. Nc3 Bc5 6. Nb3 Ba7 7. Bd3 Nc6 8. O-O Nf6 9. Qe2 Qc7 10. Kh1 Qe5 11. f4 Qh5 12. Qxh5 Nxh5 13. Be2 g6 14. Bxh5 gxh5 15. Rf3 Nb4 16. Bd2 Nxc2 17. Rc1 Nd4 18. Nxd4 Bxd4 19. Rd3 Ba7 20. Na4 b5 21. Nc5 d6 22. Rxd6 Bxc5 23. Rxc5 Bb7 24. f5 Rd8 25. Rxd8+ Kxd8 26. Ba5+ Ke8 27. Rc7 Bxe4 28. Rc8+ Ke7 29. Rxh8 Bxf5 30. Bb4+ Kf6 31. Ra8 h4 32. Kg1 Ke5 33. Kf2 Bb1 34. Rxa6 f5 35. Bc3+ Kd5 36. a4 e5 37. axb5 Bd3 38. Ra5 e4 39. Ke3 Kc5 40. Bd4+ Kb4 41. b6 1-0

[Event "GBR-ch111 Over 65"]
[Site "Liverpool"]
[Date "2025.08.05"]
[Round "2.40"]
[White "Collins, Nigel"]
[Black "Stevens, Brian"]
[Result "0-1"]
[WhiteElo "1589"]
[BlackElo "1833"]
[PlyCount "80"]
[EventDate "2025.08.04"]
[EventType "swiss"]
[EventRounds "7"]
[EventCountry "GBR"]
[SourceTitle "BritBase"]
[Source "John Saunders"]
[SourceDate "2025.08.11"]
[SourceVersion "1"]
[SourceVersionDate "2025.08.11"]
[SourceQuality "1"]

1. c4 e6 2. e4 d5 3. cxd5 exd5 4. exd5 Nf6 5. Bb5+ Nbd7 6. Nc3 Be7 7. d4 O-O 8. Nf3 Nb6 9. h3 Nbxd5 10. O-O c6 11. Bd3 h6 12. a3 Re8 13. Re1 Be6 14. Bd2 Bd6 15. Qc1 Bf8 16. Ne5 Ne7 17. Be3 Nf5 18. Bxf5 Bxf5 19. g4 Be6 20. f4 Bd5 21. g5 Nh5 22. Qd1 g6 23. Ng4 hxg5 24. fxg5 Bg7 25. h4 Qd6 26. Ne5 Bxe5 27. dxe5 Qxe5 28. Bf2 Qf5 29. Nxd5 Rxe1+ 30. Qxe1 Qxd5 31. Rd1 Qf5 32. Rd4 Nf4 33. Qd1 Nh3+ 34. Kh2 Nxf2 35. Rd8+ Rxd8 36. Qxd8+ Kh7 37. Qf8 Qf4+ 38. Kg2 Ng4 39. Qc5 Ne3+ 40. Kg1 Qg3+ 0-1

[Event "GBR-ch111 Over 65"]
[Site "Liverpool"]
[Date "2025.08.06"]
[Round "3.1"]
[White "Lewis, Andrew P"]
[Black "Dawson, Jeff R"]
[Result "1-0"]
[WhiteElo "2242"]
[BlackElo "2024"]
[PlyCount "91"]
[EventDate "2025.08.04"]
[EventType "swiss"]
[EventRounds "7"]
[EventCountry "GBR"]
[SourceTitle "BritBase"]
[Source "John Saunders"]
[SourceDate "2025.08.11"]
[SourceVersion "1"]
[SourceVersionDate "2025.08.11"]
[SourceQuality "1"]

1. Nf3 d5 2. c4 e6 3. g3 c6 4. d4 Be7 5. Bg2 f5 6. O-O Nf6 7. b3 O-O 8. Bb2 Ne4 9. Nc3 Nxc3 10. Bxc3 Nd7 11. e3 Nf6 12. Ne5 Bd7 13. Qc2 Qe8 14. Nd3 Rd8 15. a4 Bc8 16. c5 Nd7 17. b4 b6 18. Rfb1 Bf6 19. f4 bxc5 20. bxc5 Qh5 21. Ba5 Rde8 22. Bc7 g5 23. Bd6 Rf7 24. Qd1 Qh6 25. Nb4 Nf8 26. Nxc6 Ng6 27. Ra2 Bb7 28. Ne5 Rg7 29. Nxg6 hxg6 30. Bf1 gxf4 31. exf4 g5 32. Bb5 Rd8 33. Kh1 gxf4 34. Bxf4 Qh8 35. c6 Bc8 36. Rd2 Kf7 37. Be2 Rh7 38. Bf3 Bxd4 39. Rxd4 Rxh2+ 40. Kg1 e5 41. Rxd5 Rg8 42. Bxe5 Qh4 43. Rd7+ Ke8 44. Bh5+ Qxh5 45. Qxh5+ Rxh5 46. Rb8 1-0

[Event "GBR-ch111 Over 65"]
[Site "Liverpool"]
[Date "2025.08.06"]
[Round "3.2"]
[White "Page, Mark Edward"]
[Black "Povah, Nigel E"]
[Result "0-1"]
[WhiteElo "2025"]
[BlackElo "2206"]
[PlyCount "58"]
[EventDate "2025.08.04"]
[EventType "swiss"]
[EventRounds "7"]
[EventCountry "GBR"]
[SourceTitle "BritBase"]
[Source "John Saunders"]
[SourceDate "2025.08.11"]
[SourceVersion "1"]
[SourceVersionDate "2025.08.11"]
[SourceQuality "1"]

1. e4 c5 2. Nf3 Nc6 3. Bb5 Nf6 4. Bxc6 dxc6 5. d3 Bg4 6. h3 Bh5 7. b3 Nd7 8. Bb2 Qc7 9. Nbd2 e5 10. Nc4 f6 11. a4 Be7 12. Ne3 Nf8 13. Nf5 Ne6 14. O-O O-O-O 15. Ng3 Bf7 16. Bc1 g5 17. Nh2 h5 18. Be3 Nf4 19. a5 Kb8 20. Re1 Be6 21. Qd2 Qd7 22. Qc3 Bxh3 23. Bxc5 Bxc5 24. Qxc5 Nxg2 25. Reb1 Nf4 26. b4 h4 27. Ngf1 Bxf1 28. Kxf1 Qh3+ 29. Ke1 Rxd3 0-1

[Event "GBR-ch111 Over 65"]
[Site "Liverpool"]
[Date "2025.08.06"]
[Round "3.3"]
[White "Townsend, M Paul"]
[Black "Bonafont, Philip R"]
[Result "1/2-1/2"]
[WhiteElo "2167"]
[BlackElo "1978"]
[PlyCount "39"]
[EventDate "2025.08.04"]
[EventType "swiss"]
[EventRounds "7"]
[EventCountry "GBR"]
[SourceTitle "BritBase"]
[Source "John Saunders"]
[SourceDate "2025.08.11"]
[SourceVersion "1"]
[SourceVersionDate "2025.08.11"]
[SourceQuality "1"]

1. d4 d5 2. c4 e6 3. Nf3 Nf6 4. g3 dxc4 5. Bg2 c5 6. O-O Nc6 7. dxc5 Qxd1 8. Rxd1 Bxc5 9. Nbd2 c3 10. bxc3 O-O 11. Nb3 Be7 12. c4 Bd7 13. Bf4 Rfc8 14. Bd6 Bxd6 15. Rxd6 Be8 16. Nfd4 Nxd4 17. Rxd4 e5 18. Rd2 Bc6 19. c5 Kf8 20. Rb1 1/2-1/2

[Event "GBR-ch111 Over 65"]
[Site "Liverpool"]
[Date "2025.08.06"]
[Round "3.4"]
[White "Hughes, Roy"]
[Black "Granat, Russell G"]
[Result "1/2-1/2"]
[WhiteElo "2019"]
[BlackElo "2164"]
[PlyCount "89"]
[EventDate "2025.08.04"]
[EventType "swiss"]
[EventRounds "7"]
[EventCountry "GBR"]
[SourceTitle "BritBase"]
[Source "John Saunders"]
[SourceDate "2025.08.11"]
[SourceVersion "1"]
[SourceVersionDate "2025.08.11"]
[SourceQuality "1"]

1. d4 Nf6 2. Nf3 d6 3. g3 Nbd7 4. Bg2 g6 5. c4 Bg7 6. Nc3 O-O 7. O-O Re8 8. Qc2 c6 9. Rd1 Qc7 10. b3 e5 11. Bb2 a6 12. c5 exd4 13. cxd6 Qxd6 14. Nxd4 Qc7 15. Rac1 Nf8 16. Na4 Bd7 17. Nc5 Rac8 18. b4 Ne6 19. Ndxe6 Bxe6 20. Nxe6 fxe6 21. e4 Rcd8 22. Bd4 e5 23. Bc5 Bh6 24. Rxd8 Rxd8 25. Rd1 Rxd1+ 26. Qxd1 Qd7 27. Qd6 Qxd6 28. Bxd6 Nd7 29. Bh3 Bf8 30. Be6+ Kg7 31. Bc7 Nf6 32. a3 Nxe4 33. Bxe5+ Kh6 34. f3 Nd6 35. g4 g5 36. Kg2 Kg6 37. Ba2 h6 38. f4 gxf4 39. Bxf4 b5 40. h4 Nc4 41. Bc1 c5 42. Bxc4 bxc4 43. bxc5 Bxc5 44. Kf3 h5 45. gxh5+ 1/2-1/2

[Event "GBR-ch111 Over 65"]
[Site "Liverpool"]
[Date "2025.08.06"]
[Round "3.5"]
[White "Bray, Dave J"]
[Black "Brooks, Phil J"]
[Result "1/2-1/2"]
[WhiteElo "1950"]
[BlackElo "2127"]
[PlyCount "56"]
[EventDate "2025.08.04"]
[EventType "swiss"]
[EventRounds "7"]
[EventCountry "GBR"]
[SourceTitle "BritBase"]
[Source "John Saunders"]
[SourceDate "2025.08.11"]
[SourceVersion "1"]
[SourceVersionDate "2025.08.11"]
[SourceQuality "1"]

1. Nf3 d5 2. d4 Nf6 3. g3 e6 4. Bg2 Nbd7 5. O-O b5 6. b3 Ba6 7. Nbd2 c6 8. c4 bxc4 9. bxc4 Bb4 10. Qa4 Qa5 11. Qxa5 Bxa5 12. Ba3 Nb6 13. cxd5 cxd5 14. Rfc1 Nc4 15. Nxc4 Bxc4 16. e3 Nd7 17. Bf1 Bxf1 18. Kxf1 f6 19. Rc6 Kf7 20. Rac1 Rhe8 21. Ne1 Rab8 22. Nd3 Rb7 23. Nc5 Nxc5 24. R1xc5 Bb6 25. Rb5 Reb8 26. Bd6 Rd8 27. Bc5 Rdb8 28. Bd6 Rd8 1/2-1/2

[Event "GBR-ch111 Over 65"]
[Site "Liverpool"]
[Date "2025.08.06"]
[Round "3.6"]
[White "Johnson, Simon"]
[Black "Surtees, Mike J"]
[Result "1/2-1/2"]
[WhiteElo "1911"]
[BlackElo "2055"]
[PlyCount "85"]
[EventDate "2025.08.04"]
[EventType "swiss"]
[EventRounds "7"]
[EventCountry "GBR"]
[SourceTitle "BritBase"]
[Source "John Saunders"]
[SourceDate "2025.08.11"]
[SourceVersion "1"]
[SourceVersionDate "2025.08.11"]
[SourceQuality "1"]

1. d4 e6 2. e4 d6 3. f4 g6 4. Nf3 Bg7 5. Bd3 Ne7 6. O-O b6 7. Be3 c5 8. c3 a6 9. a4 Qc7 10. Nbd2 Nbc6 11. Qe2 O-O 12. Rf2 f5 13. e5 cxd4 14. exd6 Qxd6 15. Nc4 Qd8 16. cxd4 Nb4 17. Rc1 Nxd3 18. Qxd3 Bb7 19. Nce5 h6 20. Qb3 Bd5 21. Qb4 Kh7 22. Rfc2 Be4 23. Re2 Nd5 24. Qe1 Rc8 25. Qg3 Bxe5 26. Nxe5 Rg8 27. Ree1 Rxc1 28. Rxc1 Rg7 29. Qf2 Nb4 30. Bd2 Qd6 31. Nc4 Qf8 32. Ne5 a5 33. Rc3 Qd8 34. Rc1 Qd5 35. Bxb4 axb4 36. g3 h5 37. Qe3 Qa2 38. Nd3 Qxa4 39. Nf2 Bd5 40. Qe2 Qb3 41. Nh3 Be4 42. Ng5+ Kh8 43. Nxe4 1/2-1/2

[Event "GBR-ch111 Over 65"]
[Site "Liverpool"]
[Date "2025.08.06"]
[Round "3.7"]
[White "Pickles, Stephen"]
[Black "Spanton, Tim R"]
[Result "1/2-1/2"]
[WhiteElo "2280"]
[BlackElo "1982"]
[PlyCount "49"]
[EventDate "2025.08.04"]
[EventType "swiss"]
[EventRounds "7"]
[EventCountry "GBR"]
[SourceTitle "BritBase"]
[Source "John Saunders"]
[SourceDate "2025.08.11"]
[SourceVersion "1"]
[SourceVersionDate "2025.08.11"]
[SourceQuality "1"]

1. e4 e5 2. Nf3 Nc6 3. d4 exd4 4. c3 d5 5. exd5 Qxd5 6. cxd4 Bg4 7. Be2 Bb4+ 8. Nc3 Bxf3 9. Bxf3 Qc4 10. Qb3 Qxb3 11. axb3 Nxd4 12. Bxb7 Nc2+ 13. Ke2 Nxa1 14. Bxa8 Ne7 15. Nd5 O-O 16. Nxe7+ Bxe7 17. Bd5 Nc2 18. Rd1 Bd6 19. Kd3 Nb4+ 20. Kc4 Nxd5 21. Rxd5 Rb8 22. Be3 Rb4+ 23. Kc3 Rb7 24. Bc5 Bxc5 25. Rxc5 1/2-1/2

[Event "GBR-ch111 Over 65"]
[Site "Liverpool"]
[Date "2025.08.06"]
[Round "3.8"]
[White "Wager, John D"]
[Black "Chapman, Terry P D"]
[Result "0-1"]
[WhiteElo "1972"]
[BlackElo "2263"]
[PlyCount "62"]
[EventDate "2025.08.04"]
[EventType "swiss"]
[EventRounds "7"]
[EventCountry "GBR"]
[SourceTitle "BritBase"]
[Source "John Saunders"]
[SourceDate "2025.08.11"]
[SourceVersion "1"]
[SourceVersionDate "2025.08.11"]
[SourceQuality "1"]

1. Nf3 e6 2. c4 Nf6 3. b3 c5 4. g3 b6 5. Bg2 Bb7 6. O-O Be7 7. Nc3 O-O 8. Bb2 a6 9. e3 d6 10. d4 cxd4 11. Nxd4 Qc7 12. e4 Nbd7 13. Rc1 Rac8 14. Qe2 Rfe8 15. h3 Qb8 16. Rfe1 Nf8 17. Qd3 N6d7 18. Qb1 Ng6 19. Rcd1 Qa8 20. Rd2 Nc5 21. f4 Qb8 22. f5 Nf8 23. fxe6 fxe6 24. e5 dxe5 25. Nf3 e4 26. Nd4 Qxg3 27. b4 Nd3 28. Nxe4 Qxe1+ 29. Qxe1 Nxe1 30. Nf6+ Bxf6 31. Bxb7 Rxc4 0-1

[Event "GBR-ch111 Over 65"]
[Site "Liverpool"]
[Date "2025.08.06"]
[Round "3.9"]
[White "Habershon, Paul F"]
[Black "Pritchett, Craig W"]
[Result "0-1"]
[WhiteElo "1959"]
[BlackElo "2181"]
[PlyCount "113"]
[EventDate "2025.08.04"]
[EventType "swiss"]
[EventRounds "7"]
[EventCountry "GBR"]
[SourceTitle "BritBase"]
[Source "John Saunders"]
[SourceDate "2025.08.11"]
[SourceVersion "1"]
[SourceVersionDate "2025.08.11"]
[SourceQuality "1"]

1. Nf3 Nf6 2. b3 b6 3. g3 Bb7 4. Bg2 e6 5. O-O Be7 6. Bb2 O-O 7. c4 c5 8. e3 a6 9. Nc3 d6 10. d4 cxd4 11. exd4 Nbd7 12. Re1 Re8 13. Qd2 Qc7 14. Rad1 Bf8 15. Qc1 Rac8 16. h3 d5 17. cxd5 Nxd5 18. Nxd5 Bxd5 19. Qxc7 Rxc7 20. Rc1 Rec8 21. Ne5 Rxc1 22. Rxc1 Rxc1+ 23. Bxc1 Nf6 24. Nc4 Bxg2 25. Kxg2 b5 26. Nb6 Bb4 27. Kf3 Ba5 28. Nc8 Nd5 29. Bf4 Bc3 30. Ke4 Be1 31. f3 Nc3+ 32. Kd3 Nxa2 33. Bd6 Bb4 34. Bf4 Nc3 35. Bd6 Nd5 36. Bxb4 Nxb4+ 37. Ke4 a5 38. Nd6 a4 39. bxa4 bxa4 40. Nc4 f5+ 41. Ke5 Nc6+ 42. Kxe6 Nxd4+ 43. Ke5 Nc2 44. Kxf5 a3 45. Nxa3 Nxa3 46. h4 Kf7 47. h5 Nc4 48. g4 Nd6+ 49. Ke5 Ke7 50. f4 Nc4+ 51. Kd4 Nd2 52. Ke3 Nb3 53. g5 Ke6 54. Ke4 Nc5+ 55. Kd4 Nb7 56. Ke4 Nd6+ 57. Kd4 0-1

[Event "GBR-ch111 Over 65"]
[Site "Liverpool"]
[Date "2025.08.06"]
[Round "3.10"]
[White "Varley, Peter"]
[Black "Kelly, Ian G"]
[Result "1-0"]
[WhiteElo "2117"]
[BlackElo "1953"]
[PlyCount "79"]
[EventDate "2025.08.04"]
[EventType "swiss"]
[EventRounds "7"]
[EventCountry "GBR"]
[SourceTitle "BritBase"]
[Source "John Saunders"]
[SourceDate "2025.08.11"]
[SourceVersion "1"]
[SourceVersionDate "2025.08.11"]
[SourceQuality "1"]

1. f4 Nf6 2. Nf3 c5 3. g3 g6 4. Bg2 Bg7 5. O-O O-O 6. d3 Nc6 7. e4 d6 8. c3 b5 9. e5 Nd7 10. e6 Nf6 11. exf7+ Kh8 12. Ne5 dxe5 13. Bxc6 Bh3 14. Bxa8 Bxf1 15. Qxf1 Qxa8 16. fxe5 Nd7 17. d4 cxd4 18. cxd4 Qd5 19. Be3 Rxf7 20. Qg2 Qc4 21. Na3 Qd3 22. Qd2 Qxd2 23. Bxd2 a6 24. Rc1 Nb6 25. Rc6 Nd5 26. Rxa6 Nc7 27. Ra7 b4 28. Bxb4 Nd5 29. Bd2 Kg8 30. Ra8+ Rf8 31. Rxf8+ Kxf8 32. Nc4 Ke8 33. Kf2 Kd7 34. Ke2 e6 35. Kd3 Nc7 36. Nd6 Bf8 37. Ne4 Be7 38. Bg5 Nd5 39. Bxe7 Kxe7 40. a3 1-0

[Event "GBR-ch111 Over 65"]
[Site "Liverpool"]
[Date "2025.08.06"]
[Round "3.11"]
[White "Lawson, Maurice E"]
[Black "Smith, Andrew P"]
[Result "0-1"]
[WhiteElo "1938"]
[BlackElo "2104"]
[PlyCount "94"]
[EventDate "2025.08.04"]
[EventType "swiss"]
[EventRounds "7"]
[EventCountry "GBR"]
[SourceTitle "BritBase"]
[Source "John Saunders"]
[SourceDate "2025.08.11"]
[SourceVersion "1"]
[SourceVersionDate "2025.08.11"]
[SourceQuality "1"]

1. e4 c5 2. Nc3 Nc6 3. Bb5 Nd4 4. a4 g6 5. Nge2 Nxb5 6. axb5 Bg7 7. d3 Nf6 8. e5 Ng4 9. h3 Nh6 10. Bf4 d6 11. exd6 exd6 12. Nd5 Be6 13. Nec3 O-O 14. O-O Nf5 15. Rb1 Nd4 16. Re1 a6 17. b6 Rc8 18. Kh1 Qd7 19. Bh6 Rc6 20. Bxg7 Kxg7 21. Re3 Rcc8 22. Qd2 Nb5 23. Rbe1 Nd4 24. Nf4 d5 25. Nce2 Rc6 26. Nxd4 cxd4 27. Re5 Rfc8 28. Nxe6+ Rxe6 29. Qf4 Rxc2 30. Qxd4 Rf6 31. R5e2 Rxe2 32. Rxe2 Qc6 33. f3 Qxb6 34. Qxd5 h5 35. Qe5 Kh7 36. Qc3 Rc6 37. Qe1 Qc7 38. Re7 Qf4 39. Re3 Rc2 40. g3 Qf6 41. d4 Rxb2 42. Qc3 Ra2 43. Re5 b5 44. d5 Kg7 45. d6 b4 46. Qb3 Ra1+ 47. Kg2 Qxe5 0-1

[Event "GBR-ch111 Over 65"]
[Site "Liverpool"]
[Date "2025.08.06"]
[Round "3.12"]
[White "Myall, Ivan J"]
[Black "Giulian, Philip M"]
[Result "1/2-1/2"]
[WhiteElo "1938"]
[BlackElo "2075"]
[PlyCount "40"]
[EventDate "2025.08.04"]
[EventType "swiss"]
[EventRounds "7"]
[EventCountry "GBR"]
[SourceTitle "BritBase"]
[Source "John Saunders"]
[SourceDate "2025.08.11"]
[SourceVersion "1"]
[SourceVersionDate "2025.08.11"]
[SourceQuality "1"]

1. e4 Nc6 2. d4 d5 3. e5 Bf5 4. c3 f6 5. f4 e6 6. Nf3 Nh6 7. Bb5 Be7 8. Qa4 Qd7 9. O-O O-O 10. Kh1 a6 11. Bxc6 Qxc6 12. Qxc6 bxc6 13. Be3 a5 14. Nbd2 Rab8 15. b3 Ba3 16. Rae1 Bd3 17. Rg1 f5 18. Ng5 Rfe8 19. Nb1 Bf8 20. h3 Nf7 1/2-1/2

[Event "GBR-ch111 Over 65"]
[Site "Liverpool"]
[Date "2025.08.06"]
[Round "3.13"]
[White "Kennaugh, Charles W"]
[Black "Punnett, Alan K"]
[Result "1/2-1/2"]
[WhiteElo "2203"]
[BlackElo "1919"]
[PlyCount "103"]
[EventDate "2025.08.04"]
[EventType "swiss"]
[EventRounds "7"]
[EventCountry "GBR"]
[SourceTitle "BritBase"]
[Source "John Saunders"]
[SourceDate "2025.08.11"]
[SourceVersion "1"]
[SourceVersionDate "2025.08.11"]
[SourceQuality "1"]

1. e4 e6 2. d4 d5 3. exd5 exd5 4. Nf3 Nf6 5. Bd3 Bd6 6. O-O O-O 7. Bg5 h6 8. Bh4 Be6 9. Re1 Nbd7 10. Nbd2 c6 11. Ne5 Qb6 12. Nb3 Qc7 13. Bg3 Nh7 14. f4 f5 15. Nxc6 bxc6 16. Rxe6 Bxf4 17. Bxf4 Qxf4 18. Qh5 Ng5 19. Qe2 Ne4 20. Rxc6 Rae8 21. Rf1 Qg5 22. Qf3 f4 23. c4 Kh8 24. cxd5 Qxd5 25. Bxe4 Rxe4 26. Rd6 Qxd6 27. Qxe4 Nb6 28. Re1 Nd5 29. Qe5 Qb4 30. Rc1 Ne3 31. Qc5 Qb8 32. Nd2 Qe8 33. Qc6 Qh5 34. Nf3 Rf6 35. Qa8+ Kh7 36. Qe4+ Qg6 37. Qxg6+ Rxg6 38. g3 fxg3 39. hxg3 Nf5 40. Kf2 Nxg3 41. Rc7 Nf5 42. Rxa7 Rd6 43. Ra4 g5 44. Rc4 g4 45. Ne5 g3+ 46. Kf3 h5 47. Rc7+ Kg8 48. Ke4 Nxd4 49. Rc8+ Kg7 50. Rc7+ Kg8 51. Rc8+ Kg7 52. Rc7+ 1/2-1/2

[Event "GBR-ch111 Over 65"]
[Site "Liverpool"]
[Date "2025.08.06"]
[Round "3.14"]
[White "Orton, Stephen LA"]
[Black "Hutchinson, Norman A"]
[Result "1/2-1/2"]
[WhiteElo "2137"]
[BlackElo "1914"]
[PlyCount "112"]
[EventDate "2025.08.04"]
[EventType "swiss"]
[EventRounds "7"]
[EventCountry "GBR"]
[SourceTitle "BritBase"]
[Source "John Saunders"]
[SourceDate "2025.08.11"]
[SourceVersion "1"]
[SourceVersionDate "2025.08.11"]
[SourceQuality "1"]

1. e4 c6 2. d4 d5 3. Nd2 dxe4 4. Nxe4 Bf5 5. Ng3 Bg6 6. h4 h6 7. Nh3 Nf6 8. Nf4 Bh7 9. Bc4 e6 10. O-O Bd6 11. Re1 O-O 12. c3 Nd5 13. Qg4 Bxf4 14. Bxf4 Nxf4 15. Qxf4 Nd7 16. Nh5 Qa5 17. d5 cxd5 18. Qd4 f6 19. Bb3 Bg6 20. Nf4 e5 21. Qxd5+ Qxd5 22. Nxd5 Bf7 23. Rad1 Nc5 24. Ne7+ Kh8 25. Bxf7 Rxf7 26. Nf5 Kh7 27. h5 g6 28. hxg6+ Kxg6 29. Nh4+ Kg5 30. Nf3+ Kf4 31. Re3 Rd7 32. Rxd7 Nxd7 33. Rd3 Nc5 34. Rd5 Na4 35. Rb5 Nb6 36. Kf1 Rd8 37. Ke2 Rd7 38. g3+ Kg4 39. Rb4+ Kf5 40. Rh4 Kg6 41. Rg4+ Kh7 42. Nh4 h5 43. Rb4 Nd5 44. Rc4 Ne7 45. a4 Kg7 46. b4 Nd5 47. a5 Kf7 48. Nf5 Ke6 49. Ne3 Rc7 50. Rxc7 Nxc7 51. Kd3 f5 52. Ng2 Nd5 53. b5 Nf6 54. c4 Ne4 55. Ke3 Nd6 56. Kd3 Ne4 1/2-1/2

[Event "GBR-ch111 Over 65"]
[Site "Liverpool"]
[Date "2025.08.06"]
[Round "3.15"]
[White "James, Geoffrey H"]
[Black "Marks, Ian A"]
[Result "1/2-1/2"]
[WhiteElo "2088"]
[BlackElo "1904"]
[PlyCount "59"]
[EventDate "2025.08.04"]
[EventType "swiss"]
[EventRounds "7"]
[EventCountry "GBR"]
[SourceTitle "BritBase"]
[Source "John Saunders"]
[SourceDate "2025.08.11"]
[SourceVersion "1"]
[SourceVersionDate "2025.08.11"]
[SourceQuality "1"]

1. Nf3 d6 2. g3 e5 3. d3 f5 4. Bg2 Nf6 5. c4 Be7 6. O-O O-O 7. Nc3 Qe8 8. Rb1 Qh5 9. Qc2 Nc6 10. b4 e4 11. dxe4 fxe4 12. Nxe4 Bf5 13. Nxf6+ Bxf6 14. e4 Bg4 15. Qd3 a5 16. a3 axb4 17. axb4 Ba1 18. Bf4 Be5 19. Nxe5 dxe5 20. Be3 Rad8 21. Qb3 Be2 22. Rfe1 Nd4 23. Bxd4 Rxd4 24. c5+ Bc4 25. Qc3 Rfd8 26. Qf3 Qxf3 27. Bxf3 Bd3 28. Rb2 Bb5 29. Rbb1 Bd3 30. Rb2 1/2-1/2

[Event "GBR-ch111 Over 65"]
[Site "Liverpool"]
[Date "2025.08.06"]
[Round "3.16"]
[White "Hewson, Brian Wr"]
[Black "Collinson, Mark I"]
[Result "1-0"]
[WhiteElo "2062"]
[BlackElo "1900"]
[PlyCount "81"]
[EventDate "2025.08.04"]
[EventType "swiss"]
[EventRounds "7"]
[EventCountry "GBR"]
[SourceTitle "BritBase"]
[Source "John Saunders"]
[SourceDate "2025.08.11"]
[SourceVersion "1"]
[SourceVersionDate "2025.08.11"]
[SourceQuality "1"]

1. d4 d5 2. Nf3 c5 3. e3 Nc6 4. b3 cxd4 5. Nxd4 e5 6. Nxc6 bxc6 7. Bb2 Bd6 8. c4 Nf6 9. cxd5 cxd5 10. Bb5+ Bd7 11. Bxd7+ Qxd7 12. O-O O-O 13. Nc3 Qe6 14. Nb5 Rac8 15. Nxd6 Qxd6 16. Rc1 Rfd8 17. Qd3 h5 18. Rxc8 Rxc8 19. Qf5 Re8 20. h3 g6 21. Qc2 Ne4 22. Rc1 Qf6 23. f4 Qb6 24. Qd3 exf4 25. Bd4 Qa5 26. exf4 f6 27. Bxf6 Kf7 28. Be5 Re7 29. b4 Qxa2 30. Rc2 Qb1+ 31. Kh2 Rd7 32. Qb5 Ke7 33. Re2 Qb3 34. Bf6+ Ke8 35. Bh4 Qd1 36. Qc6 Qxe2 37. Qc8+ Kf7 38. Qxd7+ Kg8 39. Qe6+ Kh7 40. Qe7+ Kg8 41. Bf6 1-0

[Event "GBR-ch111 Over 65"]
[Site "Liverpool"]
[Date "2025.08.06"]
[Round "3.17"]
[White "Binks, Michael E"]
[Black "Hardman, Michael J"]
[Result "0-1"]
[WhiteElo "1894"]
[BlackElo "2057"]
[PlyCount "106"]
[EventDate "2025.08.04"]
[EventType "swiss"]
[EventRounds "7"]
[EventCountry "GBR"]
[SourceTitle "BritBase"]
[Source "John Saunders"]
[SourceDate "2025.08.11"]
[SourceVersion "1"]
[SourceVersionDate "2025.08.11"]
[SourceQuality "1"]

1. d4 d6 2. Nf3 Nf6 3. c4 Nbd7 4. Nc3 e5 5. e4 c6 6. Be2 Be7 7. O-O Qc7 8. h3 O-O 9. Be3 Re8 10. Rc1 exd4 11. Nxd4 Nc5 12. Qc2 a5 13. f4 Bf8 14. Bf3 g6 15. Nde2 Ncxe4 16. Nxe4 Nxe4 17. Bxe4 Qe7 18. Ng3 d5 19. cxd5 cxd5 20. Bxd5 Qxe3+ 21. Qf2 Qxf2+ 22. Kxf2 Be6 23. Bxe6 Rxe6 24. Rfd1 b6 25. Kf3 Rae8 26. Rc4 Re3+ 27. Kf2 Bc5 28. Rxc5 bxc5 29. Rc1 Rd3 30. Rc2 Kg7 31. Nf1 Re4 32. g3 Rb4 33. b3 a4 34. Rxc5 axb3 35. axb3 Rbxb3 36. Rc2 h5 37. h4 Rf3+ 38. Kg2 Rfc3 39. Re2 Rc5 40. Kf2 Rcb5 41. Re8 Rb2+ 42. Kf3 R5b3+ 43. Ne3 Ra2 44. Re7 Rbb2 45. g4 hxg4+ 46. Nxg4 Ra3+ 47. Ne3 Kf8 48. Re4 f6 49. Kg3 Kf7 50. Kf3 Rh2 51. Kg3 Rh1 52. Kg2 Rxh4 53. Nd5 Ra7 0-1